Antología mínima / (Record no. 149337)

MARC details
000 -LEADER
campo de control de longitud fija 00763nam a2200229 i 4500
001 - NÚMERO DE CONTROL
campo de control 149337
003 - IDENTIFICADOR DE NÚMERO DE CONTROL
campo de control ES-MaACL
005 - FECHA Y HORA DE LA ÚLTIMA TRANSACCIÓN
campo de control 20240524063002.0
007 - CAMPO FIJO DE DESCRIPCIÓN FÍSICA--INFORMACIÓN GENERAL
campo de control de longitud fija t|
008 - DATOS DE LONGITUD FIJA--INFORMACIÓN GENERAL
campo de control de longitud fija 071019s1980 sp ||||1| spa d
100 1# - ENTRADA PRINCIPAL--NOMBRE DE PERSONA
Nombre de persona Vaptsarov, Nikola.
9 (RLIN) 113089
245 10 - MENCIÓN DEL TÍTULO
Título Antología mínima /
Mención de responsabilidad, etc. Nicola Yonkov Vaptsarov ; [traducción José Martínez Matos y Pedro de Oraá].
260 ## - PUBLICACIÓN, DISTRIBUCIÓN, ETC.
Lugar de publicación, distribución, etc. Madrid :
Nombre del editor, distribuidor, etc. [Comité de Cultura de Bulgaria],
Fecha de publicación, distribución, etc. 1980.
300 ## - DESCRIPCIÓN FÍSICA
Extensión 42 p. :
Otras características físicas retr. ;
Dimensiones 17 cm.
490 1# - MENCIÓN DE SERIE
Mención de serie Acuario ;
Designación de volumen o secuencia 1
700 1# - ENTRADA AGREGADA--NOMBRE PERSONAL
Nombre de persona Martínez Matos, José.
9 (RLIN) 78221
700 1# - ENTRADA AGREGADA--NOMBRE PERSONAL
Nombre de persona Oráa, Pedro de,
Fechas asociadas al nombre 1931-
9 (RLIN) 152808
830 00 - PUNTO DE ACCESO ADICIONAL DE SERIE-TÍTULO UNIFORME
Título uniforme Acuario (Editorial Andrómeda) ;
Designación de volumen o secuencia 1
9 (RLIN) 236552
852 ## - LOCALIZACIÓN
Ubicación ES-MaACL
Número de control de estantería 2114-F-3
Sublocalización o colección R.99899
942 ## - ELEMENTOS DE ENTRADA SECUNDARIOS (KOHA)
Fuente del sistema de clasificación o colocación Clasificación decimal universal
Holdings
Estatus retirado Estado de pérdida Estado de daño No para préstamo Colección Biblioteca de origen Biblioteca actual Ubicación en estantería Fecha de adquisición Fuente de adquisición Total de préstamos Signatura topográfica completa Código de barras Visto por última vez Precio de reemplazo Tipo de ítem Koha
        Colección de folletos Biblioteca del Ateneo de Madrid Biblioteca del Ateneo de Madrid Depósito folletos 17/01/2008     2114-F-3 1155836 23/02/2023 23/02/2023 Folleto